غالب، مدح و قدح کى روشنى ميں / G̲h̲ālib, madḥ va qadḥ kī raushnī men̲ / (Record no. 84909)
[ view plain ]
| 000 -LEADER | |
|---|---|
| fixed length control field | 00950cam a2200253 a 4500 |
| 001 - CONTROL NUMBER | |
| control field | 84909 |
| 003 - CONTROL NUMBER IDENTIFIER | |
| rucl marc code | BD-RjUL |
| 005 - DATE AND TIME OF LATEST TRANSACTION | |
| control field | 20250508142229.0 |
| 008 - FIXED-LENGTH DATA ELEMENTS--GENERAL INFORMATION | |
| fixed length control field | 250509s1979 ii 000 0 urdo |
| 035 ## - SYSTEM CONTROL NUMBER | |
| System control number | (BD-RjUL) 84909 |
| 040 ## - CATALOGING SOURCE | |
| Original cataloging agency | DLC |
| Transcribing agency | DLC |
| Language of cataloging | eng |
| 041 ## - LANGUAGE CODE | |
| Language code of text/sound track or separate title | urd |
| 082 ## - DEWEY DECIMAL CLASSIFICATION NUMBER | |
| Edition number | 23 |
| Classification number | 891.43909 |
| Author mark and year | ABG 1979 |
| 100 1# - MAIN ENTRY--PERSONAL NAME | |
| Personal name | Abdurraḥmān, Ṣabāḥuddīn. ;; عبدالرحمن، صباح الدين |
| 9 (RLIN) | 15433 |
| 245 10 - TITLE STATEMENT | |
| Title | غالب، مدح و قدح کى روشنى ميں / G̲h̲ālib, madḥ va qadḥ kī raushnī men̲ / |
| Statement of responsibility, etc. | Sayyid Ṣabāhuddīn ʻAbdurraḥmān.سيد صباح الدين عبدالرحمن., |
| 260 ## - PUBLICATION, DISTRIBUTION, ETC. (IMPRINT) | |
| Place of publication, distribution, etc. | Aẓamgaṛh :اعظم گڑھ : |
| Name of publisher, distributor, etc. | Mat̤būʻah-yi Maʻārif Pres, |
| Date of publication, distribution, etc. | 1979. |
| 300 ## - PHYSICAL DESCRIPTION | |
| Pagination | 2 v. ; |
| Size | 26 cm. |
| 490 0# - SERIES STATEMENT | |
| Series statement | Silsilah-yi Dārulmuṣannifin ; |
| Volume/sequential designation | 127, 130 |
| 500 ## - GENERAL NOTE | |
| General note | In Urdu. |
| General note | Cover title. |
| 520 ## - SUMMARY, ETC. | |
| Summary, etc. | History of Urdu poetry. |
| 650 ## - SUBJECT ADDED ENTRY--TOPICAL TERM | |
| Topical term or geographic name as entry element | Urdu poetry |
| Form subdivision | History |
| 9 (RLIN) | 15434 |
| 942 ## - ADDED ENTRY ELEMENTS (KOHA) | |
| Source of classification or shelving scheme | Dewey Decimal Classification |
| Koha item type | Books |
| Lost status | Source of classification or shelving scheme | Damaged status | Not for loan | Collection code | Permanent Location | Current Location | Shelving location | Date acquired | Source of acquisition | Cost, normal purchase price | Total Checkouts | Full call number | Date last seen | Copy number | Koha item type |
|---|---|---|---|---|---|---|---|---|---|---|---|---|---|---|---|
| Dewey Decimal Classification | Not For Loan | Non-fiction | Central Library, University of Rajshahi | Central Library, University of Rajshahi | Reading Room | 14/06/1980 | India International | 16.00 | U 891.43909 ABG 1979 | 08/05/2025 | C-1 | Books |